000 00849nam a22002897a 4500
003 CHAP
005 20220329135450.0
008 971013s1979 r 00010 d
010 _a36965
011 _a37937
035 _a42057
040 _cCHAP
082 _a691.1
_bP3 1979
100 0 0 _aParker, Harry.
_985588
245 _aSimplified design of structural wood
250 _a3 ed.
260 _aNew York :
_bWiley,
_c1979
300 _a269 p.
_b: ilus.
590 _aBATCH-UPD
_b10
_c20130110
_lUCH01
_h2148
590 _aBATCH-UPD
_b10
_c20130410
_lUCH01
_h1457
590 _aBATCH-UPD
_b10
_c20130914
_lUCH01
_h1037
590 _aCONVERSION
_b10
_c20130109
_lUCH01
_h1321
650 1 4 _aConstrucción de madera.
_927394
901 _aBK
942 _cLIBRO
949 _a691.1 P3 1979
_bBC
_cLIBRO
_d33724000146924
_eLIBRO
_h55000
_i42057
_si
_t426.00
999 _c36965
_d36965